A hazai szívinfarktus-ellátás eredményét befolyásoló tényezők elemzése
A mindenki számára elérhető korszerű invazív szívinfarktus-ellátás ellenére, a jó korai eredményekkel szemben, a hazai infarktusos betegek halálozása hosszú távon jelentősen meghaladja a hasonló ellátásban részesülő európai betegekét. Ahhoz, hogy ezen változtatni lehessen, szükséges az ide vezető ok...
Elmentve itt :
| Szerzők: | |
|---|---|
| Dokumentumtípus: | Cikk |
| Megjelent: |
2020
|
| Sorozat: | LEGE ARTIS MEDICINAE
30 No. 8-9 |
| mtmt: | 31616937 |
| Online Access: | http://publicatio.bibl.u-szeged.hu/21956 |
| LEADER | 02713nab a2200301 i 4500 | ||
|---|---|---|---|
| 001 | publ21956 | ||
| 005 | 20210728102142.0 | ||
| 008 | 210728s2020 hu o 0|| zxx d | ||
| 022 | |a 0866-4811 | ||
| 024 | 7 | |a 31616937 |2 mtmt | |
| 040 | |a SZTE Publicatio Repozitórium |b hun | ||
| 041 | |a zxx | ||
| 100 | 1 | |a Becker Dávid | |
| 245 | 1 | 2 | |a A hazai szívinfarktus-ellátás eredményét befolyásoló tényezők elemzése |h [elektronikus dokumentum] / |c Becker Dávid |
| 260 | |c 2020 | ||
| 300 | |a 383-390 | ||
| 490 | 0 | |a LEGE ARTIS MEDICINAE |v 30 No. 8-9 | |
| 520 | 3 | |a A mindenki számára elérhető korszerű invazív szívinfarktus-ellátás ellenére, a jó korai eredményekkel szemben, a hazai infarktusos betegek halálozása hosszú távon jelentősen meghaladja a hasonló ellátásban részesülő európai betegekét. Ahhoz, hogy ezen változtatni lehessen, szükséges az ide vezető okok részletes elemzése, feltárása. A hazai heveny szívinfarktusos betegek adatainak elemzésével megállapítottuk, hogy a betegek rövid és hosszú távon bekövetkező halálozását milyen tényezők befolyásolják. Az elemzés a 2003-tól napjainkig tartó időszakot öleli fel több regiszter adatainak vizsgálatával (Semmelweis Egyetem, Városmajori Szív- és Érgyógyászati Klinika VMAJOR I. és VMAJOR II. regiszter, Európai Kardiológiai Társaság Stent for Life I. és II. programja, a Közép-magyarországi Infarktusellátás ÁNTSZ-regisztere, a Budapest Modell adatbázisa). A részletes elemzések alapján megállapítható, hogy ST-elevációs infarktus (STEMI) esetében a primer percutan coronariaintervenció aránya európai szintű, az ST-elevációval nem járó akut coronaria szindrómás (NSTEMI) betegek invazív ellátása a szükséges arány alatt van. A hazai ST-elevációs myocardialis infarktusos betegek úgynevezett hezitációs ideje a környező országokénál lényegesen hosszabb, a hazai infarktusos populáció általános cardiovascularis rizikója a GRACE regiszter átlagánál szignifikáns mértékben magasabb. Elemzéseink és eredményeink alapján komplex, szakmapolitikai döntéseket is befolyásoló stratégiai terv dolgozható ki a korszerű ellátásban részesülő infarktusos betegek késői halálozásának csökkentése céljából. | |
| 700 | 0 | 1 | |a Skoda Réka |e aut |
| 700 | 0 | 1 | |a Bokor Laura |e aut |
| 700 | 0 | 1 | |a Bárczi György |e aut |
| 700 | 0 | 1 | |a Vágó Hajnalka |e aut |
| 700 | 0 | 1 | |a Belicza Éva |e aut |
| 700 | 0 | 1 | |a Nemes Attila |e aut |
| 700 | 0 | 1 | |a Dinya Elek |e aut |
| 700 | 0 | 1 | |a Törő Klára Andrea |e aut |
| 700 | 0 | 1 | |a Merkely Béla Péter |e aut |
| 856 | 4 | 0 | |u http://publicatio.bibl.u-szeged.hu/21956/1/BeckerDLAM.pdf |z Dokumentum-elérés |